Science Quiz

Random Science or World Quiz
Score 0/16 Timer 01:30
1 Play Today
% Correct
Humpback Whale
96%
Lake Erie
Water Snake
95.4%
Sea Otter
94.8%
Morelet's Crocodile
94.7%
Blue Iguana
94.3%
Siberian Tiger
94.3%
Przewalski’s Horse
94.3%
Amur Leopard
93.9%
% Correct
Brown Pelican
92.7%
Arabian Oryx
92.6%
Bald Eagle
91.9%
Aleutian Cackling
(Canada) Goose
91.7%
Peregrine Falcon
90.8%
Whooping Crane
88.6%
Vancouver Island Marmot
85.5%
California Condor
82.2%
Remove Ads.
Support Sporcle.
Get the best of Sporcle when you Go Orange. This ad-free experience offers more features, more stats, and more fun while also helping to support Sporcle. Thank you for becoming a member.

You're not logged in!

Compare scores with friends on all Sporcle quizzes.
OR
Log In

Sporcle TV

Today on Sporcle TV


Watch our educational content, quiz creation guides, and fun videos on Sporcle TV.

Show Comments

Extras

Top Quizzes Today


Score Distribution

Paid Content

Your Account Isn't Verified!

In order to create a playlist on Sporcle, you need to verify the email address you used during registration. Go to your Sporcle Settings to finish the process.

Report this User

Report this user for behavior that violates our Community Guidelines.

Details: